00901nam a22002417a 450000500170000000800410001702000180005804000270007604100080010304400070011108200200011810000290013824501370016726000920030430000170039649000340041365000410044765000410048865000310052970000330056070000370059370000290063020180803170443.0180207b2017 ck |||||r|||| 00| 0 spa d a9786023870615 aCO-BoIAVH cCO-BoIAVH  aspa ack14a346.04675bM97r1 aMurcia, Carolinaeautora13aLa restauración ecológica en el marco de las compensaciones por pérdida de biodiversidad en Colombia:bun análisis crítico aBogor (Indonesia):bCentro para la Investigación Forestal Internacional CIFOR,c2017. a55 páginas aDocumentos Ocasionales, v176 0aPérdida de biodiversidadzColombia 0aCompensaciones ambientaleszColombia 0aRestauración ecológica1 aGuariguata, Manuel R.eautor1 aQuintero-Vallejo, Estelaeautora1 aRamírez, Wilsoneautor